Nba 24-25 playoff teams - Statistics

General Stats
  • This quiz has been taken 43 times
  • The average score is 13 of 20
Answer Stats
Seed Record Answer % Correct
1 68-14 Thunder
95%
1 64-18 Cavaliers
82%
2 61-21 Celtics
79%
10 37-45 Heat
79%
8 40-42 Hawks
68%
3 51-31 Knicks
68%
3 50-32 Lakers
68%
4 50-32 Nuggets
66%
4 50-32 Pacers
66%
5 50-32 Clippers
63%
8 48-34 Grizzlies
63%
2 52-30 Rockets
63%
6 49-33 Timberwolves
63%
6 44-38 Pistons
61%
5 48-34 Bucks
58%
7 41-41 Magic
58%
7 48-34 Warriors
58%
9 39-43 Bulls
45%
10 39-43 Mavericks
45%
9 40-42 Kings
42%
No matching quizzes found
Score Distribution
Percent of People with Each Score
Percentile by Number Answered
Your Score History
You have not taken this quiz